[Event "11. Europa ch 2010 Femenino"]
[Site "Rijeka CRO"]
[Date "2010.03.17"]
[Round "11.60"]
[White "Paikidze, Nazi"]
[Black "Van Weersel, Arlette"]
[Result "1-0"]
[WhiteElo "2322"]
[BlackElo "2197"]
[PlyCount "87"]
[EventDate "2010.03.06"]
[EventType "swiss"]
[EventRounds "11"]
[EventCountry "CRO"]
[Source "lmi"]
[SourceDate "2010.03.06"]

1. d4 Nf6 2. c4 g6 3. Nc3 d5 4. Bg5 Ne4 5. Bh4 Nxc3 6. bxc3 dxc4 7. e3 Be6 8.
Nf3 Bg7 9. Be2 c5 10. O-O Nc6 11. Ng5 Bd5 12. e4 h6 13. exd5 hxg5 14. dxc6 Rxh4
15. g3 Rh7 16. cxb7 Rb8 17. Bxc4 cxd4 18. Qf3 Bf6 19. cxd4 Qd7 20. Bd5 Kf8 21.
Rac1 Kg7 22. Rc4 Rhh8 23. Rfc1 Rhd8 24. Bc6 Qe6 25. Qe3 Qd6 26. d5 Bb2 27. Rb1
Qf6 28. Qxa7 Be5 29. Qe3 Qf5 30. Qe4 Qf6 31. Re1 Bc3 32. Rxc3 Qxc3 33. Qe5+
Qxe5 34. Rxe5 Kf6 35. Re1 e6 36. a4 Ke7 37. a5 Kd6 38. a6 Kc7 39. a7 Rxb7 40.
Bxb7 Kxb7 41. dxe6 fxe6 42. Rxe6 Kxa7 43. Rxg6 Rd5 44. Kg2 1-0

[Event "11. Europa ch 2010 Femenino"]
[Site "Rijeka CRO"]
[Date "2010.03.17"]
[Round "11.61"]
[White "Nemcova, Katerina"]
[Black "Djukic, Sandra"]
[Result "1-0"]
[WhiteElo "2264"]
[BlackElo "2214"]
[PlyCount "73"]
[EventDate "2010.03.06"]
[EventType "swiss"]
[EventRounds "11"]
[EventCountry "CRO"]
[Source "lmi"]
[SourceDate "2010.03.06"]

1. e4 c5 2. Nf3 Nc6 3. d4 cxd4 4. c3 d3 5. Bxd3 e6 6. O-O Qc7 7. Re1 a6 8. Nbd2
Nge7 9. Nc4 b5 10. Ne3 Ng6 11. a4 b4 12. Nd5 Qd8 13. Be3 Rb8 14. a5 exd5 15.
exd5 Be7 16. Bxg6 hxg6 17. Bb6 Rxb6 18. axb6 O-O 19. dxc6 dxc6 20. Qxd8 Bxd8
21. Ne5 Bxb6 22. Nxc6 bxc3 23. bxc3 Kh7 24. Ne7 a5 25. Nc6 Be6 26. Reb1 Bc7 27.
Nxa5 Be5 28. Ra3 Rc8 29. Rc1 Bd5 30. c4 Bb2 31. Rh3+ Kg8 32. Rb1 Bxc4 33. Rxb2
Be6 34. g4 Rc1+ 35. Kg2 Bd5+ 36. f3 Rc8 37. Kf2 1-0

[Event "11. Europa ch 2010 Femenino"]
[Site "Rijeka CRO"]
[Date "2010.03.17"]
[Round "11.62"]
[White "Kouvatsou, Maria"]
[Black "Jelica, Mara"]
[Result "0-1"]
[WhiteElo "2161"]
[BlackElo "2235"]
[PlyCount "138"]
[EventDate "2010.03.06"]
[EventType "swiss"]
[EventRounds "11"]
[EventCountry "CRO"]
[Source "lmi"]
[SourceDate "2010.03.06"]

1. e4 c5 2. Nf3 Nc6 3. c3 d5 4. exd5 Qxd5 5. d4 Bg4 6. Be2 cxd4 7. cxd4 e6 8.
Nc3 Bb4 9. O-O Bxc3 10. bxc3 Nge7 11. h3 Bf5 12. Bf4 O-O 13. Qd2 Ng6 14. c4 Qe4
15. Be3 Rfd8 16. Rfd1 Qc2 17. Rac1 Qxd2 18. Rxd2 Nge7 19. Nh4 Be4 20. f3 Bg6
21. Nxg6 hxg6 22. g4 Rac8 23. Kf2 Kf8 24. f4 Na5 25. Rdd1 b6 26. h4 Nac6 27.
Kf3 Nb4 28. a3 Nbc6 29. Rc3 Rc7 30. Rcd3 Rcd7 31. Bf2 Na5 32. R3d2 Nec6 33. d5
exd5 34. Rxd5 Ke8 35. h5 gxh5 36. gxh5 Ne7 37. Rxd7 Rxd7 38. Rxd7 Kxd7 39. Bd4
f6 40. Bd3 Ke6 41. c5 Nac6 42. Bc4+ Kd7 43. Bf2 Kc7 44. Kg4 Na5 45. Bd3 Nac6
46. Be4 Nd8 47. cxb6+ axb6 48. Be1 Nf7 49. Bd3 Nh6+ 50. Kf3 Nf7 51. Bc3 Nd5 52.
Bd4 Ne7 53. Bc4 Nd6 54. Be6 Ne8 55. Kg4 Nc6 56. Bc3 Nd8 57. Bb3 Nd6 58. Bb4 Nc6
59. Bc3 Ne4 60. Bb2 Ne7 61. Bc2 Nd6 62. h6 gxh6 63. Bxf6 Nd5 64. Be5 Ne3+ 65.
Kh5 Nxc2 66. a4 Ne3 67. Bc3 Nef5 68. Kg6 Kc6 69. Be5 Kd7 0-1

[Event "11. Europa ch 2010 Femenino"]
[Site "Rijeka CRO"]
[Date "2010.03.17"]
[Round "11.63"]
[White "Haast, Anne"]
[Black "Partac, Elena"]
[Result "1-0"]
[WhiteElo "2235"]
[BlackElo "2172"]
[PlyCount "87"]
[EventDate "2010.03.06"]
[EventType "swiss"]
[EventRounds "11"]
[EventCountry "CRO"]
[Source "lmi"]
[SourceDate "2010.03.06"]

1. e4 c5 2. Nf3 Nc6 3. d4 cxd4 4. Nxd4 g6 5. c4 Bg7 6. Be3 Nf6 7. Nc3 O-O 8.
Be2 b6 9. O-O Bb7 10. Nxc6 Bxc6 11. Qc2 Qc7 12. Rad1 b5 13. c5 Qb7 14. Bf3 e6
15. b4 Ne8 16. Nd5 d6 17. Nf4 Rd8 18. cxd6 Nxd6 19. Bc5 Be5 20. Nd3 Bg7 21. Nc1
Be5 22. Nb3 Qc8 23. Bxa7 Rfe8 24. Bd4 Nc4 25. Be2 Bxd4 26. Nxd4 e5 27. Nxc6
Qxc6 28. a4 Rc8 29. axb5 Qe6 30. Qb3 Nb6 31. Qxe6 Rxe6 32. Bg4 f5 33. exf5 Rf6
34. fxg6 Rc4 35. gxh7+ Kxh7 36. f3 Rxb4 37. Rb1 Rd4 38. Rfe1 Nc4 39. b6 Nxb6
40. Rxe5 Nc4 41. Re7+ Kg6 42. h4 Rd2 43. Reb7 Rfd6 44. f4 1-0

[Event "11. Europa ch 2010 Femenino"]
[Site "Rijeka CRO"]
[Date "2010.03.17"]
[Round "11.64"]
[White "Cherednichenko, Elena"]
[Black "Makropoulou, Marina"]
[Result "1-0"]
[WhiteElo "2100"]
[BlackElo "2225"]
[PlyCount "157"]
[EventDate "2010.03.06"]
[EventType "swiss"]
[EventRounds "11"]
[EventCountry "CRO"]
[Source "lmi"]
[SourceDate "2010.03.06"]

1. d4 Nf6 2. Nf3 g6 3. Bf4 Bg7 4. e3 d6 5. h3 O-O 6. Be2 Nbd7 7. O-O Qe8 8. c4
e5 9. Bh2 Ne4 10. Nbd2 Nxd2 11. Qxd2 Qe7 12. Rac1 a5 13. Rfd1 b6 14. b3 Bb7 15.
a3 Rfe8 16. b4 exd4 17. Nxd4 axb4 18. axb4 Ra4 19. Bf3 Bxf3 20. Nxf3 Rea8 21.
Nd4 Qe4 22. Nb5 Ra2 23. Qd5 Qh4 24. Bg3 Qd8 25. Qc6 Rc8 26. c5 bxc5 27. bxc5
Raa8 28. cxd6 cxd6 29. Qxd6 Rxc1 30. Rxc1 Nf6 31. Qxd8+ Rxd8 32. Be5 Ne4 33.
Bxg7 Kxg7 34. Nd4 Rd7 35. f3 Nf6 36. Kf2 h5 37. h4 Nd5 38. Rc5 Ne7 39. g4 hxg4
40. fxg4 Nd5 41. Kf3 Nf6 42. h5 gxh5 43. gxh5 Ra7 44. Nf5+ Kh7 45. Rc6 Nd5 46.
Rh6+ Kg8 47. Rd6 Ne7 48. Ng3 Kg7 49. Ne4 Nf5 50. Rd5 Nh6 51. Rg5+ Kf8 52. Rd5
Kg7 53. Rb5 Ra1 54. Ng3 Ra4 55. e4 Ra2 56. Rb6 Rh2 57. Rb5 Ra2 58. Nf5+ Nxf5
59. Rxf5 Rh2 60. Kg4 Rg2+ 61. Kf4 Rh2 62. Ke5 Rh4 63. Kd5 Rh1 64. Kd6 Rh4 65.
e5 Ra4 66. Rg5+ Kh6 67. Rf5 Ra7 68. Kd5 Ra5+ 69. Kd6 Ra7 70. Kc6 Re7 71. Kd6
Ra7 72. Kc5 Rc7+ 73. Kd4 Ra7 74. Ke4 Ra4+ 75. Kf3 Ra3+ 76. Kg4 Ra4+ 77. Rf4
Rxf4+ 78. Kxf4 Kxh5 79. Kf5 1-0

[Event "11. Europa ch 2010 Femenino"]
[Site "Rijeka CRO"]
[Date "2010.03.17"]
[Round "11.65"]
[White "Isgandarova, Khayala"]
[Black "Sargac, Rajna"]
[Result "1/2-1/2"]
[WhiteElo "2224"]
[BlackElo "2157"]
[PlyCount "57"]
[EventDate "2010.03.06"]
[EventType "swiss"]
[EventRounds "11"]
[EventCountry "CRO"]
[Source "lmi"]
[SourceDate "2010.03.06"]

1. e4 e6 2. b3 d5 3. Bb2 Nf6 4. e5 Nfd7 5. Qg4 c5 6. f4 Nc6 7. Nf3 Qb6 8. c4
Nb4 9. Na3 Qc6 10. d3 Nb6 11. Be2 dxc4 12. dxc4 Qe4 13. Kf2 Nc2 14. Nxc2 Qxc2
15. Rab1 Bd7 16. Rhc1 Qg6 17. Qxg6 hxg6 18. Rd1 Bc6 19. h3 Be7 20. Bc3 O-O 21.
g4 Rfd8 22. Rxd8+ Rxd8 23. Rd1 Rxd1 24. Bxd1 f6 25. Nd2 Nd7 26. Bf3 Bxf3 27.
Kxf3 Kf7 28. Ne4 Nb8 29. Ke3 1/2-1/2

[Event "11. Europa ch 2010 Femenino"]
[Site "Rijeka CRO"]
[Date "2010.03.17"]
[Round "11.66"]
[White "Fuchs, Judith"]
[Black "Berke, Ana"]
[Result "1/2-1/2"]
[WhiteElo "2222"]
[BlackElo "2097"]
[PlyCount "45"]
[EventDate "2010.03.06"]
[EventType "swiss"]
[EventRounds "11"]
[EventCountry "CRO"]
[Source "lmi"]
[SourceDate "2010.03.06"]

1. e4 e5 2. Nf3 Nc6 3. Bc4 Bc5 4. d3 Nf6 5. Bb3 d6 6. c3 a6 7. O-O O-O 8. Nbd2
Ba7 9. h3 Be6 10. Re1 Bxb3 11. Qxb3 Qd7 12. Nf1 h6 13. Ng3 Rfe8 14. Be3 Bxe3
15. fxe3 d5 16. exd5 Qxd5 17. Qxd5 Nxd5 18. Rad1 Rad8 19. d4 exd4 20. exd4 g6
21. Ne4 Kg7 22. Nc5 a5 23. Kf2 1/2-1/2

[Event "11. Europa ch 2010 Femenino"]
[Site "Rijeka CRO"]
[Date "2010.03.17"]
[Round "11.67"]
[White "Shaidullina, Sandugach"]
[Black "Ikonomopoulou, Maria"]
[Result "0-1"]
[WhiteElo "2218"]
[BlackElo "2081"]
[PlyCount "103"]
[EventDate "2010.03.06"]
[EventType "swiss"]
[EventRounds "11"]
[EventCountry "CRO"]
[Source "lmi"]
[SourceDate "2010.03.06"]

1. Nf3 Nf6 2. c4 c5 3. d4 cxd4 4. Qxd4 Nc6 5. Qd3 d5 6. cxd5 Qxd5 7. Qxd5 Nxd5
8. a3 Bg4 9. Nbd2 g6 10. e3 Bg7 11. h3 Bd7 12. Bc4 Nc7 13. Ba2 O-O 14. O-O Be6
15. Bb1 h6 16. Bc2 Rfd8 17. Nb3 b6 18. Nbd4 Bd5 19. Nxc6 Bxc6 20. Nd4 Bd5 21.
Ba4 Ne6 22. Nc6 Bxc6 23. Bxc6 Rac8 24. Bf3 Nc5 25. Rb1 Nb3 26. a4 Rc4 27. Be2
Rxa4 28. Bd1 Rb4 29. Bxb3 Rxb3 30. Ra1 a5 31. g4 Rb4 32. Ra2 Rd3 33. f4 Rdb3
34. Rf2 Rc4 35. Ra1 a4 36. f5 Be5 37. fxg6 fxg6 38. g5 a3 39. gxh6 axb2 40.
Ra8+ Kh7 41. Bxb2 Rxb2 42. Rxb2 Bxb2 43. Rb8 Rb4 44. Rb7 Bf6 45. Kf2 Kxh6 46.
Kf3 Rb3 47. Kg4 b5 48. Rb6 b4 49. e4 Rb2 50. h4 b3 51. e5 Bxe5 52. h5 0-1

[Event "11. Europa ch 2010 Femenino"]
[Site "Rijeka CRO"]
[Date "2010.03.17"]
[Round "11.68"]
[White "Boyarchenko, Marie"]
[Black "Paulet, Iosefina"]
[Result "0-1"]
[WhiteElo "2009"]
[BlackElo "2303"]
[PlyCount "52"]
[EventDate "2010.03.06"]
[EventType "swiss"]
[EventRounds "11"]
[EventCountry "CRO"]
[Source "lmi"]
[SourceDate "2010.03.06"]

1. e4 c5 2. b3 Nf6 3. Nc3 d6 4. Bb5+ Bd7 5. Bxd7+ Qxd7 6. Nf3 Nc6 7. Bb2 e6 8.
O-O Be7 9. d3 O-O 10. Ne2 d5 11. e5 Ne8 12. Ng3 b5 13. Qe2 a5 14. a4 Nc7 15.
axb5 Nxb5 16. Rfd1 Ncd4 17. Nxd4 cxd4 18. Qg4 Qc7 19. Re1 Qxc2 20. Nh5 g6 21.
Bc1 Qxd3 22. Bh6 Rfc8 23. Nf4 Qf5 24. Qe2 Nc3 25. Qf3 g5 26. Nh3 Qg6 0-1

[Event "11. Europa ch 2010 Femenino"]
[Site "Rijeka CRO"]
[Date "2010.03.17"]
[Round "11.69"]
[White "Kukic, Lora"]
[Black "Pertlova, Sona"]
[Result "1/2-1/2"]
[WhiteElo "1723"]
[BlackElo "2262"]
[PlyCount "71"]
[EventDate "2010.03.06"]
[EventType "swiss"]
[EventRounds "11"]
[EventCountry "CRO"]
[Source "lmi"]
[SourceDate "2010.03.06"]

1. d4 c5 2. d5 Nf6 3. c4 e6 4. Nc3 exd5 5. cxd5 d6 6. e4 g6 7. f4 Bg7 8. Bb5+
Nfd7 9. a4 O-O 10. Nf3 Na6 11. O-O Nc7 12. Bd3 a6 13. Re1 Nf6 14. h3 Rb8 15.
Be3 b5 16. axb5 axb5 17. Bf2 b4 18. Na4 Bd7 19. Bc4 Bxa4 20. Rxa4 Nd7 21. Bh4
Bf6 22. Bxf6 Qxf6 23. Ra7 Nb6 24. Qc1 Nxc4 25. Qxc4 Nb5 26. e5 Qf5 27. Ra5 Nd4
28. Nxd4 Qxf4 29. exd6 cxd4 30. d7 Qd6 31. Qc6 Rb6 32. Qxd6 Rxd6 33. Re7 Kg7
34. Kf2 Rd8 35. Re4 R8xd7 36. Rxd4 1/2-1/2

[Event "11. Europa ch 2010 Femenino"]
[Site "Rijeka CRO"]
[Date "2010.03.17"]
[Round "11.70"]
[White "Semenova, Elena"]
[Black "Baciu, Diana"]
[Result "1/2-1/2"]
[WhiteElo "2195"]
[BlackElo "2146"]
[PlyCount "140"]
[EventDate "2010.03.06"]
[EventType "swiss"]
[EventRounds "11"]
[EventCountry "CRO"]
[Source "lmi"]
[SourceDate "2010.03.06"]

1. e4 e6 2. d4 d5 3. Nc3 Nf6 4. e5 Nfd7 5. f4 c5 6. Nf3 Nc6 7. Be3 Qb6 8. Na4
Qa5+ 9. c3 cxd4 10. b4 Nxb4 11. cxb4 Bxb4+ 12. Bd2 Bxd2+ 13. Nxd2 b5 14. Nb2
O-O 15. Be2 Nb6 16. O-O Qc3 17. Nd3 Nc4 18. Nb3 Ne3 19. Qe1 Nxf1 20. Qxf1 Qc7
21. Rc1 Qb6 22. Ndc5 b4 23. Qf2 a5 24. Bd3 Ra7 25. Na4 Qb8 26. Qc2 h6 27. Nxd4
Bd7 28. Nc6 Bxc6 29. Qxc6 b3 30. axb3 Qxb3 31. Nc5 Qb2 32. Rf1 Qd4+ 33. Kh1
Raa8 34. Ba6 Qc3 35. Bb7 Qc4 36. Rg1 Rad8 37. f5 Rfe8 38. fxe6 fxe6 39. Qb6 Qd4
40. Qc7 Qc3 41. h3 Kh8 42. Ba6 a4 43. Bd3 Rf8 44. Nxe6 Qxc7 45. Nxc7 Rf7 46.
Nb5 Re7 47. Re1 a3 48. Nxa3 Rde8 49. Kg1 Rxe5 50. Rxe5 Rxe5 51. Kf2 g5 52. Nc2
Kg7 53. Ne3 h5 54. Nc2 Kf6 55. Be2 Kg6 56. Nd4 Re8 57. Bf3 Rd8 58. Ke3 Re8+ 59.
Kd3 Rd8 60. Nc6 Rd6 61. Ne5+ Kf6 62. Kd4 Re6 63. Nd7+ Kf5 64. Nc5 Rh6 65. Bxd5
g4 66. Ke3 gxh3 67. gxh3 Kg5 68. Kf3 Kh4 69. Be6 Rxe6 70. Nxe6 Kxh3 1/2-1/2

[Event "11. Europa ch 2010 Femenino"]
[Site "Rijeka CRO"]
[Date "2010.03.17"]
[Round "11.71"]
[White "Efroimski, Marsel"]
[Black "De Seroux, Camille"]
[Result "1-0"]
[WhiteElo "2178"]
[BlackElo "2019"]
[PlyCount "39"]
[EventDate "2010.03.06"]
[EventType "swiss"]
[EventRounds "11"]
[EventCountry "CRO"]
[Source "lmi"]
[SourceDate "2010.03.06"]

1. e4 c5 2. Nf3 d6 3. d4 cxd4 4. Nxd4 Nf6 5. Nc3 g6 6. Be3 Bg7 7. f3 O-O 8. Qd2
Nc6 9. Bc4 Bd7 10. O-O-O Rc8 11. Bb3 Ne5 12. Kb1 Qe8 13. h4 a5 14. a4 h5 15. g4
hxg4 16. h5 Nc4 17. Bxc4 Rxc4 18. h6 Bh8 19. h7+ Nxh7 20. Qh2 1-0

[Event "11. Europa ch 2010 Femenino"]
[Site "Rijeka CRO"]
[Date "2010.03.17"]
[Round "11.72"]
[White "Yusuphanova, Saida"]
[Black "Coimbra, Margarida"]
[Result "1/2-1/2"]
[WhiteElo "1843"]
[BlackElo "2123"]
[PlyCount "52"]
[EventDate "2010.03.06"]
[EventType "swiss"]
[EventRounds "11"]
[EventCountry "CRO"]
[Source "lmi"]
[SourceDate "2010.03.06"]

1. e4 e5 2. Nc3 Nf6 3. Nf3 Nc6 4. Bb5 Bb4 5. O-O O-O 6. d3 Bxc3 7. bxc3 d6 8.
Bg5 Qe7 9. Bxc6 bxc6 10. Nd2 h6 11. Bh4 d5 12. c4 g5 13. Bg3 dxe4 14. h4 exd3
15. cxd3 Bg4 16. Qe1 Rfe8 17. hxg5 hxg5 18. Qe3 Nh5 19. Rfe1 Nf4 20. Nf3 Bxf3
21. Qxf3 Qd6 22. Rad1 Rad8 23. Qg4 Qg6 24. Bxf4 gxf4 25. Qxg6+ fxg6 26. Re4 Rd4
1/2-1/2

[Event "11. Europa ch 2010 Femenino"]
[Site "Rijeka CRO"]
[Date "2010.03.17"]
[Round "11.73"]
[White "Kharatyan, Anahit"]
[Black "Starcevic, Andrea"]
[Result "1-0"]
[WhiteElo "2117"]
[BlackElo "1712"]
[PlyCount "61"]
[EventDate "2010.03.06"]
[EventType "swiss"]
[EventRounds "11"]
[EventCountry "CRO"]
[Source "lmi"]
[SourceDate "2010.03.06"]

1. e4 c5 2. Nc3 d6 3. g3 Nc6 4. Bg2 g6 5. d3 Bg7 6. Be3 e6 7. Qd2 Nge7 8. Bh6
Bf6 9. Nge2 a6 10. O-O b5 11. f4 Rg8 12. e5 Bh8 13. Ne4 d5 14. Nd6+ Kd7 15.
Nxf7 Qb6 16. c4 Nd8 17. Nxd8 Rxd8 18. Kh1 Bb7 19. b4 Rac8 20. Rac1 Rc7 21. bxc5
Rxc5 22. cxb5 Rxb5 23. Nc3 Rb2 24. Na4 Rxd2 25. Nxb6+ Ke8 26. f5 Re2 27. f6 Nf5
28. Bg5 Rb8 29. g4 Rxa2 30. gxf5 gxf5 31. Rc7 1-0

[Event "11. Europa ch 2010 Femenino"]
[Site "Rijeka CRO"]
[Date "2010.03.17"]
[Round "11.76"]
[White "Racki, Barbara"]
[Black "Kanceljak, Dalia"]
[Result "0-1"]
[WhiteElo "1698"]
[BlackElo "1939"]
[PlyCount "81"]
[EventDate "2010.03.06"]
[EventType "swiss"]
[EventRounds "11"]
[EventCountry "CRO"]
[Source "lmi"]
[SourceDate "2010.03.06"]

1. e4 c5 2. Nf3 e6 3. c3 d5 4. exd5 exd5 5. d4 Nf6 6. Bd3 Bd6 7. O-O O-O 8.
dxc5 Bxc5 9. Bf4 Nc6 10. Nbd2 Bg4 11. Qa4 a6 12. Bg5 Bxf3 13. Nxf3 h6 14. Bh4
Qd6 15. Rad1 b5 16. Qc2 Kh8 17. Bg3 Qd8 18. Qc1 Nh5 19. Bb1 Ra7 20. Ne5 Nxg3
21. Qc2 Ne4 22. Nxc6 Qg5 23. Nxa7 Bxa7 24. Kh1 Qh5 25. Rd3 Re8 26. Rf3 f5 27.
Kg1 Qg5 28. Rd1 Re6 29. Qc1 Qh5 30. Bxe4 fxe4 31. Rf8+ Kh7 32. Re1 Bc5 33. Ra8
Rf6 34. Rf1 Qf5 35. Qc2 Qg4 36. g3 Rf5 37. Rxa6 Qh3 38. Qe2 Rh5 39. Qxh5 Qxh5
40. Ra8 Qf3 41. h3 0-1

[Event "11. Europa ch 2010 Femenino"]
[Site "Rijeka CRO"]
[Date "2010.03.17"]
[Round "11.78"]
[White "Samanic, Verena"]
[Black "Goslawska, Cecylia"]
[Result "1/2-1/2"]
[WhiteElo "1607"]
[BlackElo "1683"]
[PlyCount "75"]
[EventDate "2010.03.06"]
[EventType "swiss"]
[EventRounds "11"]
[EventCountry "CRO"]
[Source "lmi"]
[SourceDate "2010.03.06"]

1. e4 e6 2. d4 d5 3. exd5 exd5 4. Nc3 c6 5. a3 Bd6 6. Bd3 Ne7 7. Nge2 O-O 8.
O-O Bg4 9. Be3 Qc7 10. h3 Bh5 11. Qd2 Bg6 12. Rad1 Nd7 13. Bf4 Bxd3 14. Bxd6
Qxd6 15. Qxd3 Qf6 16. Ng3 Ng6 17. Rfe1 Rfe8 18. Qf5 Qd6 19. Qf3 Qf6 20. Qxf6
Nxf6 21. Kf1 Nf4 22. Nge2 Ne6 23. Ng3 g6 24. Nce2 Kf8 25. c3 Nd7 26. f3 Nb6 27.
b3 Nd7 28. Nc1 Nf4 29. Nge2 Nxe2 30. Rxe2 Nf6 31. Rde1 Rxe2 32. Rxe2 Nh5 33.
Re3 Ng3+ 34. Kf2 Nf5 35. Re2 Rc8 36. Nd3 b6 37. g4 Ng7 38. Ne5 1/2-1/2